Derecho sucesorio actual y adjudicación de la vivienda familiar. Las reformas de la ley N° 19.585 de 1998.

Gardado en:
Detalles Bibliográficos
Outros autores: Corral Talciani, Hernán Felipe (Editor, autor), Baraona González, Jorge (autor), Court Murasso, Eduardo (autor), Durán Rivacoba, Ramón (autor), Elorriaga de Bonis, Fabián (autor), Mazzinghi, Jorge Adolfo (autor), Nasser Olea, Marcelo (autor), Pizarro Borgoño, Álvaro (autor), Vial Claro, Felipe (autor)
Formato: Libro
Idioma:Lingua castelá
Publicado: Santiago, Chile: Ediciones Universidad de los Andes, 2000.
Series:Cuadernos de Extensión Jurídica, 4
Subjects:
Tags: Engadir etiqueta
Sen Etiquetas, Sexa o primeiro en etiquetar este rexistro!

MARC

LEADER 00000nam a2200000 a 4500
001 UCM8936
003 CL-VaPUC
005 20240402120828.0
008 030404e20000000CL |||||||||||||||||spa|d
999 |c 303348  |d 303346 
020 |a 956-7160-18-X 
040 |c Pontificia Universidad Católica de Valparaíso 
082 0 4 |a 346.83052 COR 2000  |2 21 
100 0 |a Corral Talciani, Hernán Felipe  |e editor   |9 475246 
245 1 0 |a Derecho sucesorio actual y adjudicación de la vivienda familiar.  |b Las reformas de la ley N° 19.585 de 1998. 
260 |a Santiago, Chile:  |b Ediciones Universidad de los Andes,  |c 2000. 
300 |a 251 páginas.  
490 0 |a Cuadernos de Extensión Jurídica, 4 
500 |a c.2 Donación Familia Prof. Alejandro Guzmán Brito. 
583 |a last modification  |c 20030404 00:00:00  |k Rodrigo Vera 
650 0 |a Derecho sucesorio  |9 255015 
650 0 |a Derecho de representación   |2 CL-VaPUC  |9 475247 
650 0 |a Filiación  |9 256647 
650 0 |a Código civil  |9 256135 
700 |a Baraona González, Jorge  |9 430713  |e autor 
700 |a Corral Talciani, Hernán Felipe  |e autor   |9 555485 
700 |a Court Murasso, Eduardo  |e autor  |9 865942 
700 |a Durán Rivacoba, Ramón  |9 480029  |e autor 
700 |a Elorriaga de Bonis, Fabián  |e autor  |9 815953 
700 |a Mazzinghi, Jorge Adolfo  |e autor  |9 865943 
700 |a Nasser Olea, Marcelo  |e autor  |9 598195 
700 |a Pizarro Borgoño, Álvaro  |e autor  |9 865944 
700 |a Vial Claro, Felipe  |e autor  |9 865945 
942 |c BK  |2 ddc  |n 0 
945 |d 20030404 00:00:00  |a cmena 
952 |0 0  |1 0  |4 0  |6 346_830520000000000_COR_2000  |7 0  |8 A  |9 364585  |a BIBDER  |b BIBDER  |d 2019-11-21  |i 3891453  |l 1  |o 346.83052 COR 2000  |p 3891453  |r 2025-03-31  |s 2025-01-30  |w 2019-11-21  |y BK  |k DER